| 000 | 00445nam a2200157Ia 4500 | ||
|---|---|---|---|
| 008 | 210210b2003 xxu||||| |||| 00| 0 eng d | ||
| 020 | _a019 566878 2 | ||
| 082 | _a598.29548 PANB | ||
| 100 | _aPANDE (Satish) and Others. | ||
| 245 | _aBirds of western ghats, kokan and malabar (including birds of goa). | ||
| 260 |
_aMumbai _bBombay Natural History Society _c2003 |
||
| 300 | _a378 | ||
| 650 | _aBirds | ||
| 690 | _aBirds | ||
| 906 | _aSG04846 | ||
| 999 |
_c115539 _d115539 |
||